| 000 | 01041 a2200157 4500 | ||
|---|---|---|---|
| 003 | OSt | ||
| 005 | 20260204154800.0 | ||
| 008 | 260204b |||||||| |||| 00| 0 eng d | ||
| 020 | _a9788196788735 | ||
| 100 |
_aपुरंदरे एस _9216607 |
||
| 245 | _aशिवतेजाची शलाका | ||
| 260 |
_bभारतीय विचार साधना प्रकाशन _c2023 _aपुणे |
||
| 300 | _a39pp. | ||
| 520 | _aछत्रपती शिवाजी महाराजांनी रायरेश्वराच्या चरणी नतमस्तक होताना घेतलेला संकल्प म्हणजे स्वराज्य!! हे राज्य येथील जनता ही समृध्द व्हावी, संपन्न व्हावी, परकीय राजवटीतून मुक्ती मिळून खरे स्वराज्य अस्तित्वात आले. ६ जून | ||
| 942 |
_cBK _2ddc |
||
| 999 |
_c370180 _d370180 |
||